• 首页
  • 本馆介绍
  • 公告通知
  • 最新文献
  • 馆藏检索
  • 电子资源
  • 读者导购
  • 参考咨询
  • 我的图书馆
  • 登录
  • 详细信息显示
  • 放入我的书架
  • 预约/预借图书
  • 作者相关作品
  • 分类相关作品
  • 丛书相关作品
  • 出版社相关作品

书目信息

  • 表格格式
  • 工作单格式
  • 卡片格式
题名:
摄影讲习所
    
 
作者: 富尔福德 , 哈尔佩恩 编著 ;斯莱克 , 门晓燕 摄影
分册:  
出版信息: 北京   中国摄影出版社  2016
页数: 425页
开本: 23cm
丛书名:
单 册:
中图分类: J41 , TB8
科图分类:
主题词: 摄影艺术--she ying yi shu , 摄影技术--she ying ji shu
电子资源:
ISBN: 978-7-5179-0395-6
000 01285nam0 22003251 450
001 0102093641
005 20170402093641.0
010    @a978-7-5179-0395-6@dCNY89.00
100    @a20160509d2016 em y0chiy50 ea
101 1  @achi@ceng
102    @aCN@b110000
105    @aa z 000yy
106    @ar
200 1  @a摄影讲习所@Ashe ying jiang xi suo@e307个摄影练习与创意@g门晓燕翻译@f(美)杰森·富尔福德,(美)格雷戈里·哈尔佩恩编著@g(美)麦克·斯莱克摄影
210    @a北京@c中国摄影出版社@d2016
215    @a425页@c图@d23cm
312    @a封面英文题名:The photographer's playbook: 307 assignments and ideas
330    @a本书收集了世界上许多才华横溢的摄影师布置的摄影练习、提出的创意以及讲述的故事和趣闻。书中还贯穿了由麦克·斯莱克用宝丽来相机创作的字母照片。
510 1  @aPhotographer's playbook@e307 assignments and ideas@zeng
517 1  @a307个摄影练习与创意@A307ge she ying lian xi yu chuang yi
606 0  @a摄影艺术@Ashe ying yi shu
606 0  @a摄影技术@Ashe ying ji shu
690    @aJ41@v5
690    @aTB8@v5
701  0 @c(美)@a富尔福德@Afu er fu de@4编著
701  0 @c(美)@a哈尔佩恩@Aha er pei en@4编著
702  0 @c(美)@a斯莱克@Asi lai ke@4摄影
702  0 @a门晓燕@Amen xiao yan@4翻译
801  0 @aCN@bTANGWEI@c20170308
905    @b0964597-9@dJ41@e348@f3
    
    摄影讲习所:307个摄影练习与创意/门晓燕翻译/(美)杰森·富尔福德,(美)格雷戈里·哈尔佩恩编著/(美)麦克·斯莱克摄影.-北京:中国摄影出版社,2016
    425页:图;23cm
    
    
    ISBN 978-7-5179-0395-6:CNY89.00
    本书收集了世界上许多才华横溢的摄影师布置的摄影练习、提出的创意以及讲述的故事和趣闻。书中还贯穿了由麦克·斯莱克用宝丽来相机创作的字母照片。
●
相关链接 在E读中查询图书 在五车中查询图书 在当当中查询图书 在豆瓣中查询图书


正题名:摄影讲习所     索取号:J41/348         预约/预借

序号 登录号 条形码 馆藏地/架位号 状态 备注
1 0964597   209645972   第一样本阅览室/ [索取号:J41/348] 在馆    
2 0964598   209645981   第一借阅区/ [索取号:J41/348] 在馆    
3 0964599   209645990   第一借阅区/ [索取号:J41/348] 在馆    
唐山师范学院图书馆 欢迎您!
大连网信软件有限公司© 版权所有